000 01172cam a2200313 a 4500
001 1932429
003 ARRUPE
005 20140130143134.0
008 860313s1987 miub b 001 0 eng
010 _a 86006849
020 _a087907891X
040 _aDLC
_cDLC
_dDLC
043 _ae-uk-en
050 0 0 _aBX2596.F7
_bW37 1986
082 0 0 _a333.3/22/0942842
_219
100 1 _aWardrop, Joan.
_97394
245 1 0 _aFountains Abbey and its benefactors, 1132-1300 /
_cby Joan Wardrop.
260 _aKalamazoo :
_bCistercian Publications,
_c1986.
300 _aviii, 314 p. :
_bmap ;
_c23 cm.
440 0 _aCistercian studies series ;
_vno. 91
_97395
500 _aIncludes index.
504 _aBibliography: p. 285-298.
610 2 0 _aFountains Abbey (West Riding of Yorkshire, England)
_xHistory.
_97396
650 0 _aMonasticism and religious orders
_zEngland
_zWest Riding of Yorkshire
_xHistory
_yMiddle Ages, 600-1500.
_97397
650 0 _aChurch property
_zEngland
_zWest Riding of Yorkshire
_xHistory.
_97398
651 0 _aWest Riding of Yorkshire (England)
_xChurch history.
_97399
906 _a7
_bcbc
_corignew
_d1
_eocip
_f19
_gy-gencatlg
942 _2lcc
_cMONOGRAPH
999 _c119790
_d119790